Statistics for Norwegian cities and regions

Click here to take the quiz!

General Stats

  • This quiz has been taken 16 times
  • The average score is 24 of 115

Answer Stats

Answer% Correct
.Oslo
100%
.Bergen
87%
Stavanger
87%
Troms og Finnmark
87%
.Kristiansand
73%
Trondheim
73%
.Drammen
60%
.Lillehammer
60%
.Bodø
53%
.Hamar
53%
.Ski
53%
Tromsø
53%
Ålesund
47%
.Hammerfest
47%
Skien
47%
.Fredrikstad
40%
.Kristiansund
40%
.Mo i Rana
40%
.Nordland
40%
Sandnes
40%
Trøndelag
40%
Viken
40%
.Florø
33%
.Halden
33%
.Larvik
33%
.Mandal
33%
.Narvik
33%
Porsgrunn
33%
...Rogaland
33%
.Sandefjord
33%
.Sarpsborg
33%
Steinkjer
33%
Vestfold og Telemark
33%
Vestland
33%
.Agder
27%
.Elverum
27%
.Innlandet
27%
.Jessheim
27%
.Lillestrøm
27%
.Molde
27%
.Møre og Romsdal
27%
.Moss
27%
.Arendal
20%
.Grimstad
20%
.Harstad
20%
.Kongsvinger
20%
.Mosjøen
20%
Tønsberg
20%
Vardø
20%
.Alta
13%
.Bryne
13%
.Egersund
13%
.Førde
13%
.Gjøvik
13%
.Haugesund
13%
.Hønefoss
13%
.Kirkenes
13%
.Levanger
13%
.Lillesand
13%
.Namsos
13%
.Risør
13%
.Røros
13%
Sortland
13%
Vadsø
13%
Askim
7%
.Brønnøysund
7%
.Brumunddal
7%
.Drøbak
7%
.Farsund
7%
.Flekkefjord
7%
.Holmestrand
7%
.Honningsvåg
7%
.Horten
7%
.Jørpeland
7%
.Kongsberg
7%
.Kragerø
7%
.Lyngdal
7%
.Moelv
7%
.Odda
7%
.Orkanger
7%
.Otta
7%
.Sandvika
7%
Stjørdalshalsen
7%
Svolvær
7%
Tvedestrand
7%
Ulsteinvik
7%
Verdalsøra
7%
Åkrehamn
0%
Åndalsnes
0%
Åsgårdstrand
0%
.Brekstad
0%
.Brevik
0%
.Fagernes
0%
.Fauske
0%
.Finnsnes
0%
.Fosnavåg
0%
.Hokksund
0%
.Kolvereid
0%
.Kopervik
0%
.Langesund
0%
.Leknes
0%
.Måløy
0%
.Mysen
0%
.Notodden
0%
.Raufoss
0%
.Rjukan
0%
.Sandessjøen
0%
.Sauda
0%
Skudeneshavn
0%
Stathelle
0%
Stavern
0%
Stokmarknes
0%
Stord
0%
Svelvik
0%
Vinstra
0%

Score Distribution

Percentile by Number Answered

Percent of People with Each Score

Your Score History

You have not taken this quiz